1423 1254 1158 1532 1866 1918 1350 1393 1908 1894 1162 1563 1690 1946 1736 1983 1956 1646 1066 1360 1331 1850 1293 1508 1520 1819 1943 1923 1934 1533 1139 1829 1753 1209 1651 1751 1847 1664 1843 1340 1574 1045 1540 1149 1837 1143 1198 1071 1446 1770 1850 1079 1120 1836 1915 1325 1334 1005 1340 1348 1838 1153 1464 1987 1505 1006 1275 1050 1828 1358 1061 1230 1055 1270 1389 1572 1110 1262 1950 1483 1003 1809 1574 1676 1744 1142 1718 1201 1608 1168 1089 1223 1465 1773 1734 1870 1745 1017 1537 BCNSPRNW ULIB Ver.6.0+V

เปลี่ยนเป็นภาษาไทย

Change to English
 แสดงรายละเอียดบรรณานุกรม
  กลับหน้าหลัก

Brief Record : Get Marc (ISO 2709) : E-mail record : QR code < ปิดหน้าต่าง
LEADER : 00000nam 2200000uu 4500
001    13399127400
003     ULIB
008    200519s2016||||th 000 0 tha d
020    ^a9781506256399 (pbk.)
050  4 ^aPE1128^bL887Bp
100 1  ^aLougheed, Lin,^d1946
245 10 ^aBarron s IELTS practice exams /^cLin Lougheed
246 3  ^aInternational English Language Testing System practiceexams
246 30 ^aIELTS practice exams
250    ^a3rd ed.
260    ^aHauppauge, N.Y. :^bBarron s Educational Series,^c2016
300    ^aiv, 457 p. :^bill. ;^c28 cm. +^e1 CD-ROM
650  0 ^aInternational English Language Testing System^vStudyguides
650  0 ^aEnglish language^vTextbooks for foreign speakers
650  0 ^aEnglish language^xExaminations^vStudy guides
653    ^aIELTS
945    ^p329^l0^i007071
999    ^aประนอม เกษจรัล
รายการนี้ยังไม่มีแท็ก
คุณยังไม่ได้ล็อกอิน คุณสามารถมีกิจกรรมร่วมกับเว็บไซต์ได้ แต่ต้องล็อกอินก่อน ::
  ล็อกอิน

รายการสื่อสารสนเทศ

ลำดับที่ ประเภท เลขเรียก/บาร์โค้ด สถานที่ สถานะ
1. การศึกษาทั่วไป
หนังสือสำรอง
สถานะ=หนังสือสำรอง
PE1128 L887Bp ฉ.1 
  Barcode: 007071
ห้องสมุดวิทยาเขตสวรรค์ประชารักษ์
►หนังสือทั่วไป
ถูกยืม กำหนดส่งวันที่ 6 กุมภาพันธ์ 2569
  จอง

BibComment


ยังไม่เคยถูกคอมเมนท์

คอมเมนท์ทรัพยากรรายการนี้
  คอมเมนท์: Barron s IELTS p..


 Copyright 2026. Bcnsprnw @Library